01124nam a2200349 i 450000100060000000300090000600500170001500800390003201500170007102000150008803500210010304000350012404100130015908000120017208000090018410000380019324500630023124600420029426000290033630000260036538000170039150400120040865800430042065500170046365000300048070000390051085600980054994200120064799900170065995200490067695200490072541867KOSZ 00520200214142233.0030126s2002 pl f |001 0 pol aPB 2004/1567 a8387115169 a(OCoLC)830541034 aWA NcKOSZ 005/HRdKOSZ 005/HR1 apolheng a004.438 a(07)1 aSchildt, Herbertd(1951- )eAutor10aJęzyk C /cHerbert Schildt ; przeł. Robert Dąbrowski.1 iTyt. oryg.:aTeach yourself C,f1997. aWarszawa :bLT&P,c2002. a572, [1] s. ;c24 cm. aKsiążki. aIndeks. aInformatyka i technologie informacyjne 4aPodręcznik 4aC (język programowania)1 aDąbrowski, Robert.eTłumaczenie uhttp://koha.tu.koszalin.pl/cgi-bin/koha/opac-detail.pl?biblionumber=41867yKatalog online BPK 2UKDcKS c41867d41867 00104070aBPKbBPKcwo81550p02344263yKS 00104070aBPKbBPKcwo81551p02344256yKS